LEADER 01624cam a22003734a 4500 001 000000123442 003 CaOOAMICUS 005 20101020122538.0 008 101020t2006 it b 000 0 ita r 020 $a88-420-2216-0 040 $aPUL$bita 041 1 $aita$heng 082 04$a880.9 100 1 $aHavelock, Eric Alfred.$0(OLS)http://pul/name/43316 240 10$aPreface to Plato.$lItaliano.$0(OLS)http://pul/title/155567 245 10$aCultura orale e civiltą della scrittura :$bda Omero a Platone /$cEric A. Havelock ; introduzione di Bruno Gentili ; traduzione di Mario Carpitella. 250 $a6. ed. 260 $aRoma ;$aBari :$bLaterza,$c2006. 300 $aXIV, 350 p. ;$c21 cm. 490 1 $aBiblioteca universale Laterza ;$v85 500 $aInclude indice. 504 $aBibliografia p. 325-[333]. 650 4$aScrittura$xStoria$xOrigini.$0(OLS)http://pul/subject/36037 700 1 $aCarpitella, Mario.$0(OLS)http://pul/name/87 700 1 $aGentili, Bruno,$d1915-$0(OLS)http://pul/name/11530 830 0$aBiblioteca universale (Laterza) ;$v85.$0(OLS)http://pul/title/51 850 $aPUL 852 $aPUL$W1$xSL Cons. Gen., Altre Classi 3$y75$m880. 9 HAVER 1$j142078$qDDC 21$B141057$CPULBib$Z2$F141057 $H114893 $82 941 1 $a9 996 $6020$a88-420-2216-0$9(OLS)http://pul/number/145675 996 $6082$a880.9$9(OLS)http://pul/classification/1697 996 $6245$aCultura orale e civiltą della scrittura :$bda Omero a Platone$9(OLS)http://pul/title/155568 996 $6260$aRoma ;$aBari :$bLaterza$9(OLS)http://pul/publisher/57682 LEADER 01160nam a2200313 a 4500 001 000000172361 003 CaOOAMICUS 005 20190722151058.0 008 190722s2019 it u001 u ita r 020 $a978-88-308-1682-4* 032 $aLibriCat 040 $aPUL$bita 082 04$a234 100 1 $aFlorio, Mario.$0(OLS)http://pul/name/50539 245 10$aSacramento /$cRiccardo Ferri. 260 $aAssisi :$bCittadella,$c©2019. 300 $a144 p. ;$c21 cm 490 1 $aParole della fede 504 $aBibliografia p. [133]-141. 650 4$aSacramenti.$0(OLS)http://pul/subject/763 650 4$aFede.$0(OLS)http://pul/subject/668 830 3$aLe Parole della fede.$0(OLS)http://pul/title/163636 850 $aPUL 852 $aPUL$W1$xSL Religione 3$y85$m234 COLL 1.17$j196279$qDDC 21$B201045$CPULBib$Z2$F201045 $H133318 $81 996 $6020$a978-88-308-1682-4*$9(OLS)http://pul/number/166444 996 $6082$a234$9(OLS)http://pul/classification/573 996 $6245$aSacramento$9(OLS)http://pul/title/213295 996 $6260$aAssisi :$bCittadella$9(OLS)http://pul/publisher/49668